Pokemon Type Normal - Aléatoire - Statistiques

Statistiques générales
  • Ce quiz a été pris 17 fois
  • Le résultat moyen est 22 sur 25
Statistiques - réponses
Par images Réponse % Correct
Arceus
100%
Argouste
100%
Azurill
100%
Canarticho
100%
Capidextre
100%
Castorno
100%
Chaffreux
100%
Chaglam
100%
Chelours
100%
Chuchmur
100%
Colombeau
100%
Compagnol
100%
Couafarel
100%
Coudlangue
100%
Déflaisan
100%
Delcatty
100%
Dodrio
100%
Doduo
100%
Etourmi
100%
Etourvol
100%
Evoli
100%
Excavarenne
100%
Farigiraf
100%
Frison
100%
Furaiglon
100%
Galvaran
100%
Goinfrex
100%
Gourmelet
100%
Gribouraigne
100%
Grodoudou
100%
Gueriaigle
100%
Haydaim
100%
Hélédelle
100%
Hélionceau
100%
Iguolta
100%
Insolourdo
100%
Keunotor
100%
Laporeille
100%
Leveinard
100%
Linéon
100%
Linéon de Galar
100%
Lockpin
100%
Manglouton
100%
Mastouffe
100%
Méga-Kangourex
100%
Méga-Lockpin
100%
Méga-Nanméouïe
100%
Méga-Roucarnage
100%
Métamorph
100%
Miaouss
100%
Miradar
100%
Morphéo
100%
Moumouton
100%
Nanméouïe
100%
Nirondelle
100%
Noarfang
100%
Nounourson
100%
Olivado
100%
Olivini
100%
Parecool
100%
Pashmilla
100%
Passerouge
100%
Persian
100%
Picassaut
100%
Piclairon
100%
Poichigeon
100%
Ponchien
100%
Ponchiot
100%
Porygon
100%
Porygon-Z
100%
Ptiravi
100%
Queulorior
100%
Ramboum
100%
Rapasdepic
100%
Ratentif
100%
Rattata
100%
Rattatac
100%
Rattatac d'Alola
100%
Rondoudou
100%
Rongourmand
100%
Rongrigou
100%
Roucarnage
100%
Roucool
100%
Roucoups
100%
Silvallié
100%
Skitty
100%
Spinda
100%
Tag-Tag
100%
Toudoudou
100%
Type:0
100%
Ursaring
100%
Vivaldaim
100%
Zigzaton
100%
Zigzaton de Galar
100%
Zorua de Hisui
100%
Brouhabam
67%
Dodoala
67%
Monaflèmit
67%
Piafabec
67%
Tapatoès
67%
Ursaking
67%
Cerbyllin
60%
Arboliva
50%
Draïeul
50%
Ixon
50%
Leuphorie
50%
Motorizard
50%
Pijako
50%
Porygon2
50%
Regigigas
50%
Tylton
50%
Vigoroth
50%
Zoroark de Hisui
33%
Bazoucan
0%
Capumain
0%
Cerfrousse
0%
Chinchidou
0%
Deusolourdo
0%
Ecrémeuh
0%
Etouraptor
0%
Excelangue
0%
Famignol
0%
Fouinar
0%
Fouinette
0%
Fragroin
0%
Girafarig
0%
Gouroutan
0%
Hoothoot
0%
Kangourex
0%
Kecleon
0%
Mangriff
0%
Meloetta (Forme Chant)
0%
Meloetta (Forme Danse)
0%
Moumouflon
0%
Némélios
0%
Rattata d'Alola
0%
Ronflex
0%
Sapereau
0%
Tauros
0%
Teddiursa
0%
Terapagos
0%
Wimessir
0%
Aucun quiz correspondant
Distribution des résultats
% des personnes avec chaque résultat
Percentile par nombre de réponses
Votre historique - résultats
Vous n’avez pas pris ce quiz